000 00846nam a22001817a 4500
001 0000000884
003 PPM
005 20260401112829.0
008 260401b ||||| |||| 00| 0 eng d
035 _a0000000884
040 _aPPM
_bEng
_cPusat Penyelidikan Mineral, Jabatan Mineral Dan Geosains Malaysia
_dPPM
_eRDA
100 1 _aTs. Mohd Zaid b. Md Sharif
_eauthor
245 1 0 _aLaporan PPM R029/2025 : Effect Of Ligand Type On The Recovery And Purification Of Rare Erath Elements (REEs) From Sulfate Leachate (Projek RMKe-12), Disember 2025 /
_cby Ts. Mohd Zaid b. Md Sharif, Mohd Syahrir b. Mohd Rozi
260 1 _aPerak :
_bPusat Penyelidikan Mineral, Jabatan Mineral Dan Geosains Malaysia
_c2025
300 0 0 _a21 pages .:
_bsome colour, graph, illustrations .;
_c29 cm
700 1 _aMohd Syahrir b. Mohd Rozi
_ejoint author
942 _2ddc
_cRPT
999 _c27184
_d27184